000
00296nam a2200133Ia 4500
005
20251222141842.0
008
251222s9999||||xx |||||||||||||| ||spa||
082
_a
428/P26
100
_a
Pario, M.
245
0
_a
Business Contacts
250
_a
5a ed.
264
_b
Ghisetti e Corvi
942
_c
LIB
999
_c
7458
_d
7458